Provincias de Corea del Sur en un Mapa - Estadísticas

Estadísticas generales
  • Esta prueba ha sido intentada 6 veces
  • La puntuación promedio es 3 de 17
Respuestas en el mapa
Las respuestas están codificadas por una escala verde-roja en el mapa de la prueba según el % correcto abajo.
 
Estadísticas de respuestas
Respuesta % Correcto
2 Seúl
100%
2 Busan
50%
1 Jeju
50%
2 Daegu
25%
2 Daejeon
25%
2 Incheon
25%
2 Ulsan
25%
1 Chungcheong del Norte
0%
1 Chungcheong del Sur
0%
1 Gangwon
0%
2 Gwangju
0%
1 Gyeonggi
0%
1 Gyeongsang del Norte
0%
1 Gyeongsang del Sur
0%
1 Jeolla del Norte
0%
1 Jeolla del Sur
0%
2 Sejong
0%
No se encontraron pruebas coincidentes
Distribución de puntuación
Porcentaje de gente con cada puntuación
Porcentaje por número respondido
Historial de tus puntuaciones
No has intentado esta prueba.